00458nam a2200157 i 450000100060000000300090000600500170001500700030003200800410003510000200007624500930009625000130018926000510020230000260025385200210027946319ES-MaACL20230906161349.0t|030328s1837 be ||||1| fre d1 aComte, Charles.10aTraité de législation ou exposition des lois générales... / cpar Charles Comte. a3eme ed. aBruxelles : bHauman, Cattoir et Cie., c1837. aXV, 524 p. ; c24 cm. aES-MaACLjG-9570